PC-gestützte Kostenrechnung Konzepte und Lösungen
Gespeichert in:
| Weitere Verfasser: | |
|---|---|
| Format: | Buch |
| Sprache: | Deutsch |
| Veröffentlicht: |
Wiesbaden
Gabler
1991
|
| Ausgabe: | 1. Aufl. |
| Schlagworte: | |
| Tags: |
Keine Tags, Fügen Sie das erste Tag hinzu!
|
MARC
| LEADER | 00000nam a2200000 4500 | ||
|---|---|---|---|
| 001 | c000212 | ||
| 005 | 20221214102204.7 | ||
| 020 | |a 3-409-12114-5 | ||
| 041 | 0 | |a ger | |
| 044 | |a DE | ||
| 245 | 1 | 0 | |a PC-gestützte Kostenrechnung |b Konzepte und Lösungen |c Edit. Wolfgang Männel |
| 250 | |a 1. Aufl. | ||
| 264 | 1 | |a Wiesbaden |b Gabler |c 1991 | |
| 300 | |a 204 s. | ||
| 610 | 2 | 0 | |a podnik malý |
| 610 | 2 | 0 | |a podnik stredný |
| 610 | 2 | 0 | |a náklady |
| 610 | 2 | 0 | |a účtovníctvo |
| 610 | 2 | 0 | |a plánovanie podnikové |
| 610 | 2 | 0 | |a kontrola |
| 610 | 2 | 0 | |a kalkulácia nákladov |
| 610 | 2 | 0 | |a rozhodovanie |
| 610 | 2 | 0 | |a riadenie podnikové |
| 610 | 2 | 0 | |a využitie počítačov |
| 610 | 2 | 0 | |a počítače osobné |
| 610 | 2 | 0 | |a AIS |
| 610 | 2 | 0 | |a programovanie |
| 610 | 2 | 0 | |a plánovanie výroby |
| 610 | 2 | 0 | |a dane |
| 610 | 2 | 0 | |a účtovníctvo vnútropodnikové |
| 700 | 1 | |a Männel, Wolfgang | |